Nghiên cứu biên tính rơm và ứng dụng hâp phụ ion Cu2+, Zn2+ trong nước

Tổng quan lý thuyết; Những nghiên cứu thực nghiệm; Kết quả và bàn luận; ...

Đã lưu trong:
書目詳細資料
主要作者: Nguyễn Thị Tú Trâm
其他作者: Lê Tự Hải PGS.TS (Hướng dẫn)
格式: 圖書
語言:Vietnamese
出版: Đà Nẵng Đại học Đà Nẵng 2013
主題:
標簽: 添加標簽
沒有標簽, 成為第一個標記此記錄!
Thư viện lưu trữ: Mạng thư viện Đại học Đà Nẵng
LEADER 01535nam a2200361 4500
001 000019472
003 15907
005 20140507140500.0
008 140507s2013 viesd
041 |a vie 
082 1 4 |a 660.63  |b NG-T 
100 |a Nguyễn Thị Tú Trâm 
245 |a Nghiên cứu biên tính rơm và ứng dụng hâp phụ ion Cu2+, Zn2+ trong nước  |c Nguyễn Thị Tú Trâm ; Lê Tự Hải hướng dẫn.  |k Luận văn Thạc sĩ 
260 |a Đà Nẵng  |b Đại học Đà Nẵng  |c 2013 
300 |a 85 tr., phụ lục 9 tr.  |c 29 cm.  |e Tóm tắt 
500 |a Luận văn thạc sĩ Khoa học. Chuyên ngành: Hóa hữu cơ. Mã số: 60.44.27 
520 |a Tổng quan lý thuyết; Những nghiên cứu thực nghiệm; Kết quả và bàn luận; ... 
650 0 4 |a Rơm  |v Luận văn tốt nghiệp  |x Ứng dụng hấp phụ ion  |x Biến tính 
653 |a Ứng dụng hấp phụ ion 
653 |a Hóa hữu cơ 
653 |a Rơm 
653 |a Biến tính 
700 1 |a Lê Tự Hải  |c PGS.TS  |e Hướng dẫn 
OWN |a LSP 
AVA |a UDN50  |b LSP  |d 660.63 NG-T  |e available  |t Error 5001 Not defined in file expand_doc_bib_avail.  |f 1  |g 0  |h N  |i 0  |k 1 
999 |a From the UDN01 
AVA |a UDN50  |b LSP  |d 660.63 NG-T  |e available  |t Error 5001 Not defined in file expand_doc_bib_avail.  |f 1  |g 0  |h N  |i 0  |k 1 
TYP |a Monograph 
TYP |a Printed language 
980 |a Mạng thư viện Đại học Đà Nẵng